000 00411nam a2200181Ia 4500
001 924
005 20260306140554.0
008 260306t2014||||xx |||||||||||||| ||spa||
041 _aESP
082 _a174.4
_bA159
100 _aAnsotegui, Carmen
_eAUT
245 0 _aÉtica de las finanzas
260 _c2014
300 _a36 páginas :
_c23 cm.
650 _aGEN
654 _aCHU
942 _cLIB
_dJUS
_fJUS
_2ddc
_n
999 _c924
_d924